000 00847cam a2200193 4500
001 WB3801-35
008 011218n2001 000 0 eng u
035 _a(Sirsi) u116037
245 _aInsurance snub for contractors
260 _c2001
490 _aConstruction News
_v(6746) 13 December 2001, 1-2(1)
520 _aThe construction industry has been dealt a blow after reports that insurance costs will dramatically rise, or in the worst possible scenario, insurance will not be available. Problems within the insurance sector and the economic downturn following the New York bombing is reportedly responsible for this U-turn, as well as the industry's poor health and safety record.
590 _aWB
650 _aPREMIUMS
650 _aCONSTRUCTION INSURANCE
650 _aRISK MANAGEMENT
690 _aInsurance
_96249
942 _n0
999 _c69134
_d69134